01550nam a2200229Ia 4500001000400000008004100004010000800045041001400053082001400067245025400081260002100335300000800356520000600364630001900370630002100389630001700410650002700427700002700454700003100481700002600512520078200538784241029s9999 xx 000 0 und d a707 aEspañol aNO APLICA 0aDiferencias en el perfil psicológico y en el nivel de adaptación entre los discentes de nuevo ingreso y los de término de la carrera de Psicología en la Universidad Adventista Dominicana, extensión Santo Domingo. Período 2-2010 y 1-2011. aMonseñor Nouel a127 a6 aPerfil Docente aPlan de Estudios aPsicología aElección de Estudios easesoraBaret, Johaida eautoraReyna , Luz María eautoraRosario, Dorka aEl propósito de este estudio es determinar las diferencias en el perfil psicológico y el nivel de adaptación entre los estudiantes de nuevo ingreso y los de términos de la carrera de Psicología de la UNAD, extensión Santo Domingo, período 2-2010 y 1-2011.La muestra se constituyó por veintiún (21) estudiantes de nuevo ingreso y veinte (20) de términos de dicha carrera.Entre los resultados más relevantes se destaca que el 90% de los discentes de nuevo ingreso tienen problemas familiares.  Se observó que los estudiantes de términos, poseen menor tendencia a la psicopatología que los de nuevo ingreso. Sin embargo, los discentes de nuevo ingreso mostraron poseer mayor normalidad psicológica en las escalas: paranoia, hipomanía, entre otras.